000 00583nam a2200229Ia 4500
003 OSt
005 20221005121926.0
006 a|||||r|||| 00| 0
007 ta
008 221004b |||||||| |||| 00| 0 mar d
024 _a47699
037 _cTextual
040 _aCRL
_cCRL
_bmar
041 _2mar
_amar
082 _aO155,3M98:g, 31P0
100 _aHatkangalegar
_9631257
245 0 _aIndia ilakkiya sirpigal
260 _c1965
650 _aGUJRATI FICTION
942 _hO155,3M98:g, 31P0
_cTEXL
_2cc
999 _c1042715
_d1042715